00387nam a22001457a 4500003000400000008004100004020001800045082001700063100001900080245007500099250001300174260003200187300001100219650001100230OSt240829b |||||||| |||| 00| 0 eng d a9781350090279 a391.0068 MOF aMOORE, Gwyneth aFashion Promotion Building a Brand Through Marketing and Communication a2nd. ed. aLondon,bBloomsbury,c2021, a160 p. aB.FAD.